000 00435nam a22001577a 4500
005 20260204145952.0
008 260204b |||||||| |||| 00| 0 eng d
020 _a 9966-46-383-6
050 _aPR 9381.9 .A 8 I 43 1988
100 _aIMBUGA, FRANCIS
245 _aAMINATA: A PLAY
260 _aNAIROBI,
_bEAST AFRICAN EDUCATIONAL PUBLISHERS,
_c1988,
300 _a77 P, ILL
650 _aSATIRE, ENGLISH FICTION
942 _2lcc
_cBK
999 _c216539
_d216539